[Event "Rated Blitz game"]
[Site "?"]
[Date "2021.11.07"]
[Round "?"]
[White "Laudi64"]
[Black "Paradoxx1982"]
[Result "1-0"]
[WhiteElo "2456"]
[BlackElo "2300"]
[PlyCount "39"]
[EventDate "2021.??.??"]
[EventType "blitz"]

1. e4 e5 2. Nf3 d5 3. c3 dxe4 4. Qa4+ Nc6 5. Qxe4 f5 6. Qe2 e4 7. d4 Be7 8.
Nfd2 Nf6 9. g3 O-O 10. Bg2 Bd6 11. Nc4 Be6 12. O-O Re8 13. Bg5 Bd5 14. Ne3 Bf7
15. Nxf5 h6 16. Nxd6 Qxd6 17. Bxf6 Qxf6 18. Nd2 Bg6 19. Nxe4 Qf5 20. Rfe1 {
Normal} 1-0

[Event "Rated Blitz game"]
[Site "?"]
[Date "2021.11.07"]
[Round "?"]
[White "TimF1202"]
[Black "Benny_Watts_2005"]
[Result "1/2-1/2"]
[WhiteElo "2450"]
[BlackElo "2352"]
[PlyCount "138"]
[EventDate "2021.??.??"]
[EventType "blitz"]

1. e4 e5 2. Nf3 d5 3. exd5 e4 4. Qe2 Nf6 5. Nc3 Be7 6. Nxe4 Nxd5 7. d3 O-O 8.
Qd1 Re8 9. Be2 c5 10. O-O Nc6 11. a4 Bf5 12. Ng3 Bg6 13. Re1 Qd7 14. Bf1 Rad8
15. Bd2 Bf6 16. Qc1 Nd4 17. Nxd4 cxd4 18. Rxe8+ Rxe8 19. c4 dxc3 20. Bxc3 Rc8
21. Ra3 Qc7 22. Qa1 Nxc3 23. bxc3 Bxc3 24. Qb1 a5 25. Ne4 Bb4 26. Rb3 Qc1 27.
g3 Qxb1 28. Rxb1 b6 29. Be2 Bxe4 30. dxe4 g6 31. f4 Rc3 32. Kf2 Kf8 33. Rd1 Ra3
34. Bb5 Bc5+ 35. Kg2 Ra2+ 36. Kh3 Be7 37. Re1 Rd2 38. Re2 Rxe2 39. Bxe2 Bc5 40.
Bb5 Ke7 41. Kg4 h6 42. h4 h5+ 43. Kg5 Be3 44. e5 Bd2 45. Kh6 Kf8 46. e6 Be1 47.
exf7 Kxf7 48. f5 gxf5 49. Kxh5 Bxg3 50. Kg5 Be1 51. h5 Ke6 52. h6 Bc3 53. Kf4
Kf6 54. h7 Kg6 55. Be8+ Kxh7 56. Kxf5 Kg7 57. Ke4 Bb4 58. Bb5 Bc5 59. Kd5 Kf6
60. Kc6 Kg5 61. Kd5 Kf4 62. Kc6 Ke3 63. Kd5 Kd2 64. Kc6 Kc3 65. Kd5 Kb4 66. Kc6
Ka3 67. Kd5 Kb4 68. Kc6 Ka3 69. Kd5 Kb4 {Normal} 1/2-1/2

[Event "Rated Blitz tournament 1k20yfKE"]
[Site "?"]
[Date "2021.11.07"]
[Round "?"]
[White "scacchista83"]
[Black "KappaGolden"]
[Result "1-0"]
[WhiteElo "2545"]
[BlackElo "2251"]
[PlyCount "99"]
[EventDate "2021.??.??"]
[EventType "blitz"]

1. e4 e5 2. Nf3 d5 3. d4 dxe4 4. Nxe5 Bd6 5. Nc3 Bxe5 6. dxe5 Qxd1+ 7. Nxd1 Nc6
8. Bf4 Bf5 9. Nc3 O-O-O 10. Bc4 Nge7 11. Bxf7 Rhf8 12. Bb3 Ng6 13. Bg3 Ngxe5
14. O-O g5 15. Rfe1 h5 16. Nxe4 Bxe4 17. Rxe4 Ng6 18. h4 gxh4 19. Bxh4 Rd2 20.
Rf1 Nd4 21. Bg5 Nxb3 22. cxb3 Rxb2 23. Re6 Nf4 24. Re7 Ne2+ 25. Kh2 Rxa2 26.
Rd1 Nc3 27. Rdd7 Nb5 28. Be3 b6 29. Rh7 a5 30. Rdg7 Nd6 31. Rxc7+ Kb8 32. Bxb6
Rb2 33. Bc5 Rd8 34. Bxd6 Rxd6 35. Rb7+ Kc8 36. Rbc7+ Kb8 37. Rcg7 Kc8 38. Rg8+
Rd8 39. Rxd8+ Kxd8 40. Rxh5 Rxb3 41. Rxa5 Rb2 42. Rf5 Kd7 43. Kg3 Ke6 44. Rf4
Ke5 45. f3 Rb3 46. Kg4 Rb4 47. g3 Rb5 48. Rf5+ Kd4 49. Rxb5 Ke3 50. Re5+ {
Normal} 1-0

[Event "Rated Blitz tournament NohNepOi"]
[Site "?"]
[Date "2021.11.07"]
[Round "?"]
[White "micfel"]
[Black "Madjrs72"]
[Result "1/2-1/2"]
[WhiteElo "2370"]
[BlackElo "2438"]
[PlyCount "102"]
[EventDate "2021.??.??"]
[EventType "blitz"]

1. e4 e5 2. Nf3 d5 3. Nxe5 Bd6 4. d4 dxe4 5. Be2 Bxe5 6. dxe5 Qxd1+ 7. Bxd1 Nc6
8. Nc3 Nxe5 9. Bf4 Ng6 10. Bxc7 Nf6 11. O-O Bd7 12. Re1 Bc6 13. Bd6 O-O-O 14.
Bc5 Nf4 15. Be3 Ne6 16. Bxa7 Nd4 17. Bb6 Rd7 18. a4 Re8 19. a5 Kb8 20. h3 h5
21. b4 g6 22. Rb1 Nb5 23. Nxb5 Bxb5 24. Be2 Bxe2 25. Rxe2 Nd5 26. Bd4 Nf4 27.
Rd2 Rxd4 28. Rxd4 Ne2+ 29. Kf1 Nxd4 30. c4 e3 31. fxe3 Rxe3 32. Rd1 Nc6 33. Rd7
Re7 34. Rxe7 Nxe7 35. b5 Nf5 36. Ke2 Nd6 37. Kd3 Kc7 38. Kd4 g5 39. Kd5 f5 40.
b6+ Kd7 41. c5 Nc8 42. c6+ bxc6+ 43. Ke5 Nxb6 44. axb6 c5 45. Kd5 f4 46. Kxc5
g4 47. hxg4 hxg4 48. Kd4 f3 49. gxf3 gxf3 50. Ke3 Kc6 51. Kxf3 Kxb6 {Normal}
1/2-1/2

[Event "Rated Blitz game"]
[Site "?"]
[Date "2021.11.07"]
[Round "?"]
[White "NelsonMora91"]
[Black "elrond"]
[Result "1-0"]
[WhiteElo "2400"]
[BlackElo "2421"]
[PlyCount "29"]
[EventDate "2021.??.??"]
[EventType "blitz"]

1. e4 e5 2. Nf3 d5 3. exd5 e4 4. Qe2 Nf6 5. d3 Bb4+ 6. c3 Bd6 7. dxe4 O-O 8.
Bg5 Re8 9. Nbd2 h6 10. Bxf6 Qxf6 11. O-O-O Bf5 12. Qb5 Rxe4 13. Nxe4 Bxe4 14.
Qe8+ Kh7 15. Qxe4+ {Normal} 1-0

[Event "Rated Blitz game"]
[Site "?"]
[Date "2021.11.07"]
[Round "?"]
[White "Akaineco"]
[Black "elrond"]
[Result "1/2-1/2"]
[WhiteElo "2318"]
[BlackElo "2401"]
[PlyCount "101"]
[EventDate "2021.??.??"]
[EventType "blitz"]

1. e4 e5 2. Nf3 d5 3. exd5 e4 4. Qe2 Nf6 5. d3 Bb4+ 6. Nbd2 O-O 7. dxe4 Re8 8.
c3 Bc5 9. g3 Nxd5 10. Bg2 Nc6 11. O-O Bb6 12. Qc4 Nf6 13. a4 a5 14. Qb5 Bg4 15.
Re1 h5 16. Nc4 Nxe4 17. Nxb6 cxb6 18. Be3 Nd6 19. Qxb6 Nc4 20. Qxd8 Raxd8 21.
b3 N4e5 22. Nxe5 Rxe5 23. Bf4 Rxe1+ 24. Rxe1 Rd1 25. Rxd1 Bxd1 26. Bxc6 bxc6
27. b4 axb4 28. cxb4 Bxa4 29. Bd6 g6 30. f4 Bb5 31. Kf2 Kg7 32. Ke3 Kg8 33. Kd4
Kg7 34. Ke5 Ba4 35. Be7 Bb5 36. Bf6+ Kg8 37. Kd6 Ba4 38. Ke7 Bb5 39. Bd4 Ba4
40. h3 Bb5 41. g4 hxg4 42. hxg4 Be2 43. g5 Bb5 44. Kf6 Ba4 45. f5 gxf5 46. Kxf5
Bb5 47. Kf6 Ba4 48. Ke7 Bb5 49. Kf6 Ba4 50. Ke7 Bb5 51. Kf6 {Normal} 1/2-1/2

[Event "Rated Blitz game"]
[Site "?"]
[Date "2021.11.07"]
[Round "?"]
[White "chess_rehab"]
[Black "mirekkk14"]
[Result "1-0"]
[WhiteElo "2418"]
[BlackElo "2402"]
[PlyCount "35"]
[EventDate "2021.??.??"]
[EventType "blitz"]

1. e4 e5 2. Nf3 d5 3. exd5 e4 4. Qe2 Nf6 5. d3 Qxd5 6. Nc3 Bb4 7. Nd2 Bxc3 8.
bxc3 Qc6 9. Nxe4 O-O 10. Nxf6+ Qxf6 11. Qd2 Re8+ 12. Be2 Bg4 13. f3 Bh5 14. O-O
Nc6 15. Bd1 h6 16. Rb1 b6 17. Rb5 Rad8 18. Rxh5 {Normal} 1-0

[Event "Rated Blitz game"]
[Site "?"]
[Date "2021.11.07"]
[Round "?"]
[White "Gransiurell"]
[Black "elrond"]
[Result "1/2-1/2"]
[WhiteElo "2395"]
[BlackElo "2401"]
[PlyCount "181"]
[EventDate "2021.??.??"]
[EventType "blitz"]

1. e4 e5 2. Nf3 d5 3. Nxe5 Bd6 4. d4 dxe4 5. Nc4 Nf6 6. Nxd6+ Qxd6 7. c4 O-O 8.
Nc3 Bg4 9. Qb3 Nc6 10. Be3 Nxd4 11. Bxd4 Qxd4 12. Be2 Bxe2 13. Nxe2 Qd3 14. Rd1
Qxb3 15. axb3 Rad8 16. O-O Rd3 17. Nd4 Rd8 18. Rxd3 exd3 19. Nb5 c6 20. Nc3 Kf8
21. f3 Nh5 22. g3 f5 23. Rd1 Ke7 24. Kf2 f4 25. Ne4 b6 26. Rd2 Ke6 27. gxf4
Nxf4 28. Ke3 Kf5 29. Ng3+ Ke5 30. Ne4 h6 31. b4 g5 32. b3 b5 33. Nc5 bxc4 34.
bxc4 Rd4 35. Nxd3+ Nxd3 36. Rxd3 Rxc4 37. Ra3 Rxb4 38. Rxa7 Rb3+ 39. Kf2 h5 40.
Ra5+ Kf6 41. Ra6 Rc3 42. h3 Rc2+ 43. Ke3 Kf5 44. Ra5+ c5 45. Ra8 c4 46. Rf8+
Kg6 47. Rg8+ Kf6 48. Rf8+ Kg7 49. Rf5 Kg6 50. Rc5 h4 51. Rc6+ Kh5 52. Rc5 Rc1
53. Kd2 Rh1 54. Rxc4 Rxh3 55. Ke2 Rg3 56. Kf2 Kg6 57. Rc8 Kf5 58. Rc5+ Ke6 59.
Rc4 Kf6 60. Re4 Kf5 61. Re8 g4 62. Rf8+ Ke5 63. Re8+ Kf6 64. Rf8+ Ke7 65. Rf4
gxf3 66. Rxf3 Rg4 67. Rh3 Kf6 68. Re3 Kg5 69. Rf3 Rf4 70. Rxf4 Kxf4 71. Kg2 Kg4
72. Kh1 Kg3 73. Kg1 Kh3 74. Kh1 Kg3 75. Kg1 Kf3 76. Kh1 Kg4 77. Kg1 Kh5 78. Kh1
Kg5 79. Kg1 h3 80. Kh1 Kh4 81. Kg1 Kg4 82. Kh1 Kf3 83. Kg1 Kg3 84. Kh1 Kh4 85.
Kg1 Kg4 86. Kh1 Kg3 87. Kg1 Kf3 88. Kh1 Ke2 89. Kg1 Ke1 90. Kh2 Ke2 91. Kxh3 {
Normal} 1/2-1/2

[Event "Rated Blitz game"]
[Site "?"]
[Date "2021.11.07"]
[Round "?"]
[White "samqr33"]
[Black "khalid_ontawar"]
[Result "0-1"]
[WhiteElo "2374"]
[BlackElo "2444"]
[PlyCount "98"]
[EventDate "2021.??.??"]
[EventType "blitz"]

1. e4 e5 2. Nf3 d5 3. Nxe5 Qe7 4. d4 f6 5. Nd3 dxe4 6. Nf4 Bf5 7. Bc4 Nc6 8. c3
O-O-O 9. Be3 g5 10. Nh5 Kb8 11. Nd2 Qd7 12. h3 Na5 13. Be2 Bg6 14. g4 h6 15. b4
Nc6 16. a4 f5 17. gxf5 Bxf5 18. Bg4 Nce7 19. Nc4 Bxg4 20. hxg4 Ng6 21. Qe2 Qd5
22. b5 Bd6 23. Nxd6 Qxd6 24. c4 Nf6 25. c5 Qe6 26. Nxf6 Qxf6 27. O-O-O Rde8 28.
Kb1 Nf4 29. Bxf4 gxf4 30. d5 e3 31. f3 h5 32. Rxh5 Rxh5 33. gxh5 Qf5+ 34. Qc2
Qxh5 35. d6 e2 36. Re1 Qxf3 37. d7 Rd8 38. c6 bxc6 39. bxc6 Ka8 40. Rxe2 Rb8+
41. Ka1 Qh1+ 42. Ka2 Qd5+ 43. Ka1 Qf3 44. Ka2 Qd5+ 45. Ka1 Qd4+ 46. Ka2 Qd6 47.
Rd2 Qe6+ 48. Ka1 Qf6+ 49. Ka2 f3 {Time forfeit} 0-1

[Event "Rated Blitz game"]
[Site "?"]
[Date "2021.11.07"]
[Round "?"]
[White "inthepower"]
[Black "Annali-annaliew1979"]
[Result "1-0"]
[WhiteElo "2335"]
[BlackElo "2435"]
[PlyCount "67"]
[EventDate "2021.??.??"]
[EventType "blitz"]

1. e4 e5 2. Nf3 d5 3. Nxe5 Qe7 4. d4 f6 5. Qh5+ g6 6. Nxg6 Qxe4+ 7. Be2 Qxg6 8.
Qxd5 Ne7 9. Qb5+ c6 10. Qa5 Nd5 11. O-O Bh3 12. Bf3 Rg8 13. Re1+ Be7 14. g3 Nd7
15. c4 Qf5 16. Be4 Qe6 17. cxd5 cxd5 18. Bg6+ hxg6 19. Rxe6 Bxe6 20. Nc3 a6 21.
Nxd5 b6 22. Nxb6 Bd8 23. Qe1 Kf7 24. Nxa8 Re8 25. Qc3 Bd5 26. Be3 f5 27. Nc7
Bxc7 28. Qxc7 Re7 29. Qf4 Nf6 30. Qh6 Rb7 31. b3 Ng4 32. Qh7+ Kf6 33. Bg5+ Kxg5
34. Qh4# {Normal} 1-0

[Event "Rated Blitz tournament PeV604Sh"]
[Site "?"]
[Date "2021.11.07"]
[Round "?"]
[White "MW1966"]
[Black "Pashkomarku"]
[Result "1-0"]
[WhiteElo "2509"]
[BlackElo "2298"]
[PlyCount "35"]
[EventDate "2021.??.??"]
[EventType "blitz"]

1. e4 e5 2. Nf3 d5 3. exd5 Qxd5 4. Nc3 Qe6 5. Be2 Nc6 6. O-O Bd7 7. d4 exd4 8.
Nxd4 Nxd4 9. Qxd4 Qd6 10. Qe4+ Ne7 11. Qxb7 Bc6 12. Bb5 Rd8 13. Bf4 Qg6 14. Bg3
Bxb5 15. Nxb5 Qc6 16. Nxc7+ Kd7 17. Rad1+ Nd5 18. Rxd5+ {Normal} 1-0

[Event "Rated Blitz game"]
[Site "?"]
[Date "2021.11.07"]
[Round "?"]
[White "wegadikuki"]
[Black "Ucosin"]
[Result "1-0"]
[WhiteElo "2406"]
[BlackElo "2346"]
[PlyCount "89"]
[EventDate "2021.??.??"]
[EventType "blitz"]

1. e4 e5 2. Nf3 d5 3. exd5 e4 4. Qe2 Nf6 5. d3 Qxd5 6. Nc3 Qa5 7. dxe4 Bb4 8.
Bd2 O-O 9. e5 Re8 10. Qb5 Bd7 11. Qxa5 Bxa5 12. O-O-O Ng4 13. Nd5 Bb6 14. Be1
Bc6 15. Nxb6 axb6 16. Kb1 Nxe5 17. Nxe5 Rxe5 18. Bd3 Re8 19. f3 Na6 20. b4 b5
21. Bc3 Rad8 22. Kb2 Nb8 23. h4 Nd7 24. h5 Ne5 25. h6 Nxd3+ 26. Rxd3 Rxd3 27.
cxd3 Re2+ 28. Kb1 Rxg2 29. hxg7 Bxf3 30. Rh3 Bg4 31. Re3 Be6 32. a3 h5 33. Re5
Rh2 34. Rxb5 b6 35. a4 Rh3 36. Kc2 Rh2+ 37. Kc1 Bb3 38. Bd2 Kxg7 39. a5 Ba4 40.
Rg5+ Kf6 41. a6 Rh1+ 42. Kb2 Bc6 43. b5 Bxb5 44. Rxb5 Rh2 45. Kc1 {Normal} 1-0

[Event "Rated Blitz game"]
[Site "?"]
[Date "2021.11.07"]
[Round "?"]
[White "Strauss5"]
[Black "Biliavsky"]
[Result "0-1"]
[WhiteElo "2441"]
[BlackElo "2329"]
[PlyCount "96"]
[EventDate "2021.??.??"]
[EventType "blitz"]

1. e4 e5 2. Nf3 d5 3. exd5 e4 4. Ne5 Qe7 5. Nc4 Nf6 6. Nc3 g6 7. Be2 Bg7 8. O-O
O-O 9. d3 Bf5 10. Bg5 exd3 11. Bxd3 Qd7 12. Re1 Bxd3 13. Qxd3 Qg4 14. Qg3 Qxg3
15. hxg3 Nbd7 16. Re7 h6 17. Bf4 c6 18. dxc6 bxc6 19. Rd1 Nc5 20. f3 Rfe8 21.
Rxe8+ Rxe8 22. Be3 Ne6 23. Bxa7 Nh5 24. g4 Nhf4 25. g3 Bxc3 26. gxf4 Bg7 27.
Be3 Rb8 28. b3 Ra8 29. a4 h5 30. Kf2 Kf8 31. Rd7 Ke8 32. Rb7 Rd8 33. f5 Nd4 34.
Bg5 f6 35. Rxg7 fxg5 36. Rxg6 hxg4 37. fxg4 Nxc2 38. Rxg5 Nb4 39. Rg8+ Ke7 40.
Rxd8 Kxd8 41. g5 Ke7 42. g6 Kf6 43. Nd6 Nd3+ 44. Ke3 Nc5 45. Kf4 Nxb3 46. Ne8+
Ke7 47. g7 Kf7 48. f6 Nc5 {Time forfeit} 0-1

[Event "Rated Blitz tournament SfLPJr6N"]
[Site "?"]
[Date "2021.11.07"]
[Round "?"]
[White "abrito99"]
[Black "Frutek"]
[Result "1-0"]
[WhiteElo "2561"]
[BlackElo "2563"]
[PlyCount "45"]
[EventDate "2021.??.??"]
[EventType "blitz"]

1. e4 e5 2. Nf3 d5 3. Bc4 dxc4 4. Nxe5 Be6 5. O-O Nf6 6. d4 cxd3 7. cxd3 Bd6 8.
Nf3 Bg4 9. e5 Bxe5 10. Re1 Nbd7 11. d4 O-O 12. dxe5 Re8 13. exf6 Bxf3 14. Rxe8+
Qxe8 15. gxf3 Nxf6 16. Nc3 Rd8 17. Qe2 Qc6 18. Bg5 Re8 19. Qd3 Nh5 20. Rd1 h6
21. Be3 Qf6 22. Qd5 c6 23. Qxh5 {Normal} 1-0

[Event "Rated Blitz tournament lo5fKcTM"]
[Site "?"]
[Date "2021.11.07"]
[Round "?"]
[White "Welcome2Revachol"]
[Black "chesswhite1990"]
[Result "1-0"]
[WhiteElo "2588"]
[BlackElo "2266"]
[PlyCount "85"]
[EventDate "2021.??.??"]
[EventType "blitz"]

1. e4 e5 2. Nf3 d5 3. exd5 e4 4. Qe2 Nf6 5. Nc3 Bf5 6. Qb5+ Nbd7 7. Nd4 Bg6 8.
Qxb7 Rb8 9. Qa6 Rb6 10. Qa4 Bc5 11. Nc6 Rxc6 12. dxc6 Nb6 13. Qb5 Qd4 14. Nd1
O-O 15. c3 Qd6 16. b4 Bxf2+ 17. Nxf2 e3 18. dxe3 Re8 19. Be2 Nfd5 20. O-O Nxc3
21. Qa6 Qf6 22. Bb2 Nxe2+ 23. Qxe2 Qg5 24. Nh3 Qh6 25. Nf4 Qg5 26. Rad1 Bf5 27.
Bd4 Bg4 28. Qb2 Bxd1 29. Rxd1 Nc4 30. Qc3 Nd6 31. Bc5 Ne4 32. Qd4 h6 33. Qd7
Nf6 34. Qh3 Qe5 35. Rf1 Nd5 36. Nxd5 Qxd5 37. Qd7 Rb8 38. Qxd5 a5 39. Qxf7+ Kh8
40. Bd4 Rg8 41. Qg6 Rf8 42. Qxh6+ Kg8 43. Qxg7# {Normal} 1-0

[Event "Rated Blitz tournament vrVRJpEq"]
[Site "?"]
[Date "2021.11.07"]
[Round "?"]
[White "alexslep"]
[Black "Bis_Kecil_BKD"]
[Result "1-0"]
[WhiteElo "2263"]
[BlackElo "2507"]
[PlyCount "93"]
[EventDate "2021.??.??"]
[EventType "blitz"]

1. e4 e5 2. Nf3 d5 3. d4 dxe4 4. Nxe5 Nd7 5. Nc4 Ngf6 6. Nc3 c5 7. d5 Nb6 8.
Nxb6 axb6 9. Bb5+ Bd7 10. Bf4 Be7 11. d6 Bf8 12. Bg5 Bc6 13. Bxf6 Qxf6 14. d7+
Kd8 15. O-O Bxb5 16. Nxb5 Qc6 17. c4 Qxd7 18. Qe2 Qe6 19. Rad1+ Kc8 20. Rfe1 f5
21. b3 Be7 22. f3 Re8 23. fxe4 fxe4 24. Qxe4 Qxe4 25. Rxe4 Rxa2 26. Nd6+ Bxd6
27. Rxe8+ Kd7 28. Rg8 Ke6 29. Rxg7 Be5 30. Rxb7 Bd4+ 31. Kh1 Rb2 32. Rxb6+ Ke5
33. h3 Ke4 34. Re6+ Kf5 35. Rh6 Rxb3 36. Rxh7 Rc3 37. Rh5+ Kg6 38. Rd5 Rxc4 39.
Rb1 Rc2 40. h4 Kf7 41. h5 Ke6 42. Rg5 Kf6 43. Rg6+ Kf5 44. Rg8 c4 45. h6 c3 46.
h7 Rd2 47. Rf1+ {Time forfeit} 1-0

[Event "Rated Blitz game"]
[Site "?"]
[Date "2021.11.07"]
[Round "?"]
[White "FranciscoMw"]
[Black "lavilaine"]
[Result "1/2-1/2"]
[WhiteElo "2364"]
[BlackElo "2452"]
[PlyCount "88"]
[EventDate "2021.??.??"]
[EventType "blitz"]

1. e4 e5 2. Nf3 d5 3. exd5 e4 4. Qe2 f5 5. d3 Qxd5 6. dxe4 fxe4 7. Nc3 Bb4 8.
Bd2 Bxc3 9. Bxc3 Nf6 10. Bxf6 gxf6 11. Rd1 Qa5+ 12. c3 Bf5 13. Nd4 Bg6 14. Qc4
Qe5 15. Be2 Nd7 16. O-O O-O-O 17. f4 exf3 18. Bxf3 Nc5 19. Rfe1 Ne4 20. Qe6+
Qxe6 21. Nxe6 Rxd1 22. Rxd1 Re8 23. Nf4 f5 24. h4 Rd8 25. Rxd8+ Kxd8 26. h5 Bf7
27. Bxe4 fxe4 28. b3 Ke7 29. Kf2 Kf6 30. Ke3 Ke5 31. c4 a5 32. g4 a4 33. g5
axb3 34. axb3 b5 35. cxb5 Bxb3 36. g6 hxg6 37. Nxg6+ Kf6 38. Kxe4 Bd1 39. Nf4
Ba4 40. Nd5+ Kg5 41. Nxc7 Bxb5 42. h6 Kxh6 43. Nd5 Bc6 44. Kd4 Bxd5 {Normal}
1/2-1/2

[Event "Rated Blitz tournament 1k20yfKE"]
[Site "?"]
[Date "2021.11.07"]
[Round "?"]
[White "Bullet7707"]
[Black "KappaGolden"]
[Result "0-1"]
[WhiteElo "2546"]
[BlackElo "2257"]
[PlyCount "128"]
[EventDate "2021.??.??"]
[EventType "blitz"]

1. e4 e5 2. Nf3 d5 3. Nxe5 Bd6 4. d4 dxe4 5. Bc4 Bxe5 6. dxe5 Qxd1+ 7. Kxd1
Bg4+ 8. Ke1 Nc6 9. Bf4 O-O-O 10. Nd2 Nd4 11. Rc1 Ne7 12. c3 Ndc6 13. Nxe4 Ng6
14. Bg3 Ngxe5 15. Be2 Rhe8 16. f3 Bf5 17. Kf2 Bxe4 18. fxe4 Rd2 19. Bf4 Rxb2
20. Rhd1 Rxa2 21. Kf1 f6 22. h3 g5 23. Bg3 a6 24. Bh5 Rf8 25. Rd5 Nc4 26. Kg1
Ne3 27. Bf2 Nxd5 28. exd5 Ne5 29. Rd1 Rd8 30. Bg3 Rc2 31. Bxe5 fxe5 32. Rd3
Rc1+ 33. Kh2 e4 34. Re3 Rxd5 35. Rxe4 Rd2 36. Bg4+ Kd8 37. Re5 Rcc2 38. Bf3
Rxc3 39. Bxb7 a5 40. Rxa5 c5 41. Ra8+ Kc7 42. Be4 Re3 43. Bxh7 Ree2 44. Ra7+
Kb6 45. Rg7 Rxg2+ 46. Kh1 Rh2+ 47. Kg1 Rhg2+ 48. Kf1 Rh2 49. Kg1 Rdg2+ 50. Kf1
Rb2 51. Kg1 Rhd2 52. Rf7 Rd1+ 53. Rf1 Rxf1+ 54. Kxf1 Rh2 55. Bf5 Rb2 56. Bg4
Kb5 57. Kg1 Kb4 58. Kf1 c4 59. Kg1 c3 60. Kf1 c2 61. Be2 c1=Q+ 62. Kf2 Qd2 63.
Kg3 Qxe2 64. h4 Qg2# {Normal} 0-1

[Event "Rated Blitz game"]
[Site "?"]
[Date "2021.11.07"]
[Round "?"]
[White "LaVoieLactee"]
[Black "Ninepins99"]
[Result "0-1"]
[WhiteElo "2600"]
[BlackElo "2554"]
[PlyCount "44"]
[EventDate "2021.??.??"]
[EventType "blitz"]

1. e4 e5 2. Nf3 d5 3. exd5 Bd6 4. d4 e4 5. Ng5 Nf6 6. Nc3 O-O 7. Be2 Bf5 8. f3
exf3 9. Nxf3 c6 10. dxc6 Nxc6 11. O-O Qd7 12. Kh1 Nb4 13. Ne1 Rae8 14. Bg5 Nfd5
15. Nxd5 Nxd5 16. Qd2 Bg4 17. Bxg4 Qxg4 18. Nf3 h6 19. Bh4 g5 20. Bf2 Nf4 21.
Ne1 Re2 22. Qc3 Rxe1 {Normal} 0-1

[Event "Rated Blitz tournament xEHdF8T0"]
[Site "?"]
[Date "2021.11.07"]
[Round "?"]
[White "Supali"]
[Black "Room_CSS"]
[Result "0-1"]
[WhiteElo "2267"]
[BlackElo "2479"]
[PlyCount "88"]
[EventDate "2021.??.??"]
[EventType "blitz"]

1. e4 e5 2. Nf3 d5 3. exd5 e4 4. Qe2 Nf6 5. d3 Qxd5 6. dxe4 Qxe4 7. Be3 Nc6 8.
Nbd2 Qxc2 9. Bc5+ Be6 10. Bxf8 Kxf8 11. Nc4 Nb4 12. Ne3 Qc5 13. Qb5 Qxb5 14.
Bxb5 Nfd5 15. Nd4 Nxe3 16. fxe3 c5 17. Nxe6+ fxe6 18. Ke2 Ke7 19. a3 Nd5 20.
Rac1 b6 21. g4 Rhf8 22. Rcf1 Rad8 23. g5 Rf5 24. Rxf5 exf5 25. Rd1 h6 26. Bc4
Nc7 27. Rxd8 Kxd8 28. gxh6 gxh6 29. Bd3 f4 30. exf4 Ke7 31. Kf3 Kf6 32. Kg4 Ne6
33. h4 a5 34. Bc4 Nd4 35. Kh5 Nf5 36. Bd3 Ne3 37. Kxh6 Nd1 38. Kh7 Nxb2 39. h5
Nxd3 40. h6 Nxf4 41. Kg8 Ng6 42. h7 c4 43. h8=Q+ Nxh8 44. Kxh8 c3 {Normal} 0-1

[Event "Rated Blitz tournament 71xnPbPD"]
[Site "?"]
[Date "2021.11.07"]
[Round "?"]
[White "demkovichav"]
[Black "Razario90"]
[Result "0-1"]
[WhiteElo "2508"]
[BlackElo "2339"]
[PlyCount "142"]
[EventDate "2021.??.??"]
[EventType "blitz"]

1. e4 e5 2. Nf3 d5 3. exd5 e4 4. Ne5 Qxd5 5. d4 exd3 6. Nxd3 Nf6 7. Nc3 Qd8 8.
Be2 Be7 9. O-O O-O 10. Re1 Nc6 11. Bf4 Bd6 12. Bf3 Bf5 13. Bxc6 bxc6 14. Bg3
Rb8 15. b3 Bxg3 16. hxg3 Qd4 17. Ne2 Qd6 18. Qc1 c5 19. Qf4 Bg6 20. Rad1 Rfe8
21. Qxd6 cxd6 22. f3 Rbd8 23. c4 Bxd3 24. Rxd3 d5 25. cxd5 Nxd5 26. Kf2 Nb4 27.
Rxd8 Rxd8 28. Nc3 Nd3+ 29. Kf1 Nxe1 30. Kxe1 Kf8 31. Na4 Rd5 32. Ke2 Ke7 33.
Ke3 Kd6 34. g4 Re5+ 35. Kd3 Re1 36. Nb2 Rg1 37. Nc4+ Kc7 38. Ne3 Ra1 39. a4 Kc6
40. g5 f6 41. gxf6 gxf6 42. Ng4 f5 43. Ne3 f4 44. Nf5 Rg1 45. Nh4 Rh1 46. Nf5
Rh2 47. Ke4 Rxg2 48. Kxf4 Rb2 49. Ne7+ Kd6 50. Nc8+ Kd5 51. Nxa7 Rxb3 52. Nb5
c4 53. Nc7+ Kc6 54. Ne6 Rb4 55. Ke3 Rxa4 56. Kd4 Kd6 57. Ng5 Ra7 58. Kxc4 Ke5
59. Nh3 Rg7 60. Kd3 Rg3 61. Nf2 Rxf3+ 62. Ke2 Rf8 63. Kf1 Kf4 64. Kg2 Rg8+ 65.
Kh3 Rg3+ 66. Kh2 Ra3 67. Nh3+ Kg4 68. Nf2+ Kf3 69. Nh3 Ra2+ 70. Kh1 Kg3 71. Ng5
Ra1# {Normal} 0-1

[Event "Rated Rapid game"]
[Site "?"]
[Date "2021.11.07"]
[Round "?"]
[White "bpdx"]
[Black "alrivz01"]
[Result "1-0"]
[WhiteElo "2434"]
[BlackElo "2298"]
[PlyCount "77"]
[EventDate "2021.??.??"]
[EventType "rapid"]

1. e4 e5 2. Nf3 d5 3. exd5 e4 4. Qe2 Nf6 5. Nc3 Be7 6. Nxe4 O-O 7. Nxf6+ Bxf6
8. Qd1 Re8+ 9. Be2 Qe7 10. d4 Bg4 11. c3 c5 12. dxc5 Bxf3 13. gxf3 Qxc5 14. Be3
Rxe3 15. fxe3 Qxe3 16. Qd3 Bh4+ 17. Kd1 Qb6 18. Kc2 Nd7 19. Rad1 a6 20. Rhg1 g6
21. Qd4 Qxd4 22. cxd4 Rd8 23. Bc4 b5 24. Bb3 a5 25. a3 Nb6 26. Kd3 Nxd5 27.
Bxd5 Rxd5 28. Ke4 Rd8 29. d5 Be7 30. Rc1 Bd6 31. f4 f5+ 32. Kd4 Bxf4 33. Rc6
Kf7 34. h3 g5 35. Re1 Bg3 36. Re2 Bb8 37. Ree6 Ba7+ 38. Ke5 f4 39. Rc7+ {Normal
} 1-0

[Event "Rated Blitz tournament Tj7mNCDZ"]
[Site "?"]
[Date "2021.11.07"]
[Round "?"]
[White "Mobelha"]
[Black "ThePuB"]
[Result "1-0"]
[WhiteElo "2545"]
[BlackElo "2269"]
[PlyCount "73"]
[EventDate "2021.??.??"]
[EventType "blitz"]

1. e4 e5 2. Nf3 d5 3. exd5 e4 4. Qe2 Qe7 5. Nc3 Nf6 6. Ng5 Bf5 7. Qb5+ Nbd7 8.
Qxb7 Rb8 9. Qxa7 h6 10. Nh3 Bxh3 11. gxh3 Qe5 12. Bb5 Bc5 13. Qxb8+ Ke7 14.
Qxh8 Bxf2+ 15. Kxf2 e3+ 16. dxe3 Qf5+ 17. Ke2 Qxc2+ 18. Bd2 Ne5 19. d6+ cxd6
20. Qxg7 Qf5 21. Rhf1 Qh5+ 22. Ke1 Nf3+ 23. Rxf3 Qxf3 24. Qxh6 Qh1+ 25. Bf1
Qxh2 26. Qh4 Qe5 27. Ke2 Kf8 28. Bg2 Qa5 29. Qxf6 Qa6+ 30. Ke1 d5 31. Qxa6 d4
32. Qa8+ Kg7 33. exd4 Kg6 34. Be4+ f5 35. Qg8+ Kh5 36. Bxf5 Kh4 37. Qg4# {
Normal} 1-0

[Event "Rated Blitz game"]
[Site "?"]
[Date "2021.11.07"]
[Round "?"]
[White "Augustine7"]
[Black "tactinhos2900"]
[Result "0-1"]
[WhiteElo "2512"]
[BlackElo "2558"]
[PlyCount "74"]
[EventDate "2021.??.??"]
[EventType "blitz"]

1. e4 e5 2. Nf3 d5 3. d4 dxe4 4. Nxe5 Bd6 5. Nc4 Nf6 6. Nc3 O-O 7. Nxd6 cxd6 8.
Be2 d5 9. O-O h6 10. Bf4 Nc6 11. Qd2 Qb6 12. Rfd1 Qxb2 13. Bd6 Qb6 14. Bxf8
Kxf8 15. f3 Bf5 16. Na4 Qd8 17. c3 Qd6 18. Qb2 b6 19. Rac1 Na5 20. Qb4 Ke7 21.
Qxd6+ Kxd6 22. c4 dxc4 23. Nc3 Rc8 24. Nb5+ Kd7 25. Nxa7 Rc7 26. Nb5 Rc8 27.
Nc3 Bg6 28. Rb1 Kc6 29. d5+ Kb7 30. Rb4 exf3 31. Bxf3 Ka6 32. d6 Nd7 33. Rc1
Nc5 34. Be2 Nd3 35. Bxd3 cxd3 36. Rb2 Nc4 37. Rf2 Nxd6 {Normal} 0-1

[Event "Rated Blitz tournament vrVRJpEq"]
[Site "?"]
[Date "2021.11.07"]
[Round "?"]
[White "Dady_CooL"]
[Black "Bis_Kecil_BKD"]
[Result "0-1"]
[WhiteElo "2231"]
[BlackElo "2499"]
[PlyCount "68"]
[EventDate "2021.??.??"]
[EventType "blitz"]

1. e4 e5 2. Nf3 d5 3. Nxe5 dxe4 4. d4 Nd7 5. Nxd7 Bxd7 6. Bc4 Nf6 7. O-O Bd6 8.
Re1 h5 9. h3 c6 10. Bg5 Qa5 11. Bxf6 gxf6 12. Rxe4+ Kd8 13. c3 Rg8 14. Kh1 Qg5
15. Qf1 Bf5 16. Re1 Qf4 17. g3 Qg5 18. Bxf7 Rg7 19. Be6 Bxe6 20. Rxe6 Qd5+ 21.
Qg2 Qxe6 22. Nd2 h4 23. g4 f5 24. f3 Bf4 25. Nb3 fxg4 26. fxg4 Re7 27. Rf1 Qe3
28. Nc5 Kc7 29. a4 Bd6 30. Nb3 Qg3 31. Qxg3 hxg3 32. Nc1 Rae8 33. Kg2 Re1 34.
Nd3 R8e2+ {Normal} 0-1

[Event "Rated Blitz game"]
[Site "?"]
[Date "2021.11.07"]
[Round "?"]
[White "Prettyfishy"]
[Black "Fantastic_power06"]
[Result "0-1"]
[WhiteElo "2719"]
[BlackElo "2818"]
[PlyCount "44"]
[EventDate "2021.??.??"]
[EventType "blitz"]

1. e4 e5 2. Nf3 d5 3. Nxe5 Bd6 4. d4 dxe4 5. Nc4 Nc6 6. c3 Nf6 7. Be2 Bf5 8.
O-O h5 9. Nxd6+ Qxd6 10. h3 Ng4 11. hxg4 hxg4 12. g3 Qg6 13. Kg2 O-O-O 14. Rh1
Rxh1 15. Qxh1 e3 16. Bxe3 Be4+ 17. f3 gxf3+ 18. Bxf3 Bxf3+ 19. Kxf3 Ne5+ 20.
Kf2 Ng4+ 21. Kg1 Nxe3 22. Qf3 Nc2 {Normal} 0-1